[Event "50+ World Senior Team Championship"]
[Site "chess24.com"]
[Date "2017.04.24"]
[Round "1"]
[White "Mueller, Gerhard"]
[Black "Speelman, Jon S"]
[Result "0-1"]
[Board "3"]
[WhiteElo "2127"]
[WhiteCountry "GER"]
[WhiteFideId "4692829"]
[WhiteEloChange "-2"]
[BlackElo "2511"]
[BlackTitle "GM"]
[BlackCountry "ENG"]
[BlackFideId "400033"]
[BlackEloChange "1"]

1. d4 {[%clk 1:30:30]} Nf6 {[%clk 1:30:30]} 2. Nc3 {[%clk 1:30:30]} d5 {[%clk
1:30:30]} 3. Bg5 {[%clk 1:30:30]} Nbd7 {[%clk 1:30:30]} 4. Nf3 {[%clk 1:30:30]}
g6 {[%clk 1:30:30]} 5. e3 {[%clk 1:30:30]} Bg7 {[%clk 1:30:30]} 6. Bd3 {[%clk
1:30:30]} O-O {[%clk 1:30:30]} 7. O-O {[%clk 1:30:30]} c5 {[%clk 1:30:30]} 8. Re1
{[%clk 1:30:30]} b6 {[%clk 1:30:30]} 9. e4 {[%clk 1:30:30]} dxe4 {[%clk 1:30:30]}
10. Nxe4 {[%clk 1:30:30]} cxd4 {[%clk 1:30:30]} 11. Nxd4 {[%clk 1:30:30]} Bb7
{[%clk 1:30:30]} 12. c3 {[%clk 1:30:30]} Nc5 {[%clk 1:30:30]} 13. Nxc5 {[%clk
1:30:30]} bxc5 {[%clk 1:30:30]} 14. Nf3 {[%clk 1:30:30]} Qc7 {[%clk 1:30:30]} 15.
Qe2 {[%clk 1:30:30]} Nd5 {[%clk 1:30:30]} 16. Rad1 {[%clk 1:30:30]} e6 {[%clk
1:30:30]} 17. Bc4 {[%clk 1:30:30]} Rab8 {[%clk 1:30:30]} 18. Rd2 {[%clk 1:30:30]}
h6 {[%clk 1:30:30]} 19. Bh4 {[%clk 1:30:30]} Nf4 {[%clk 1:30:30]} 20. Qd1 {[%clk
1:30:30]} g5 {[%clk 1:30:30]} 21. Bg3 {[%clk 1:30:30]} Rbd8 {[%clk 1:30:30]} 22.
Re3 {[%clk 1:30:30]} Qb6 {[%clk 1:30:30]} 23. h4 {[%clk 1:30:30]} Rxd2 {[%clk
1:30:30]} 24. Qxd2 {[%clk 1:30:30]} Rd8 {[%clk 1:30:30]} 25. Qc2 {[%clk 1:30:30]}
Nxg2 {[%clk 1:30:30]} 26. Kxg2 {[%clk 1:30:30]} g4 {[%clk 1:30:30]} 27. Kh2
{[%clk 1:30:30]} Bxf3 {[%clk 1:30:30]} 28. Be2 {[%clk 1:30:30]} Bxe2 {[%clk
1:30:30]} 29. Qxe2 {[%clk 1:30:30]} h5 {[%clk 1:30:30]} 30. Be5 {[%clk 1:30:30]}
Rd5 {[%clk 1:30:30]} 31. Bxg7 {[%clk 1:30:30]} Kxg7 {[%clk 1:30:30]} 32. c4
{[%clk 1:30:30]} Qd6+ {[%clk 1:30:30]} 33. Kg2 {[%clk 1:30:30]} Rd2 {[%clk
1:30:30]} 34. Qe1 {[%clk 1:30:30]} Qd4 {[%clk 1:30:30]} 35. Re2 {[%clk 1:30:30]}
Rd1 {[%clk 1:30:30]} 36. Qc3 {[%clk 1:30:30]} Qxc3 {[%clk 1:30:30]} 37. bxc3
{[%clk 1:30:30]} Kf6 {[%clk 1:30:30]} 38. Rb2 {[%clk 1:30:30]} Ke5 {[%clk
1:30:30]} 39. Rb5 {[%clk 1:30:30]} f5 {[%clk 1:30:30]} 40. Rxc5+ {[%clk 1:30:30]}
Kf4 {[%clk 1:30:30]} 41. Rc8 {[%clk 1:30:30]} Rd2 {[%clk 1:30:30]} 42. c5 {[%clk
1:30:30]} g3 {[%clk 1:30:30]} 43. c6 {[%clk 1:30:30]} Rxf2+ {[%clk 1:30:30]} 44.
Kg1 {[%clk 1:30:30]} Rc2 {[%clk 1:30:30]} 45. c7 {[%clk 0:52:29]} Kf3 {[%clk
1:09:11]} 0-1

[Event "50+ World Senior Team Championship"]
[Site "chess24.com"]
[Date "2017.04.24"]
[Round "1"]
[White "Vlahos, Kiriakos"]
[Black "Galdunts, Sergey"]
[Result "1/2-1/2"]
[Board "4"]
[WhiteElo "2285"]
[WhiteTitle "FM"]
[WhiteCountry "GRE"]
[WhiteFideId "4200594"]
[WhiteEloChange "4"]
[BlackElo "2430"]
[BlackTitle "GM"]
[BlackCountry "ARM"]
[BlackFideId "13300067"]
[BlackEloChange "-2"]

1. c4 {[%clk 1:30:56]} g6 {[%clk 1:30:41]} 2. g3 {[%clk 1:30:23]} Bg7 {[%clk
1:31:02]} 3. Bg2 {[%clk 1:30:50]} e5 {[%clk 1:31:14]} 4. Nc3 {[%clk 1:30:44]} d6
{[%clk 1:31:24]} 5. Rb1 {[%clk 1:29:34]} a5 {[%clk 1:30:00]} 6. a3 {[%clk
1:29:56]} f5 {[%clk 1:29:46]} 7. b4 {[%clk 1:28:25]} axb4 {[%clk 1:28:40]} 8.
axb4 {[%clk 1:28:49]} Nf6 {[%clk 1:29:07]} 9. e3 {[%clk 1:23:25]} O-O {[%clk
1:23:23]} 10. Nge2 {[%clk 1:22:57]} Nbd7 {[%clk 1:17:09]} 11. d3 {[%clk 1:20:43]}
Re8 {[%clk 1:14:18]} 12. O-O {[%clk 1:09:18]} Nf8 {[%clk 1:13:56]} 13. Bb2 {[%clk
1:07:19]} g5 {[%clk 1:12:37]} 14. Nd5 {[%clk 1:06:16]} Nxd5 {[%clk 0:56:10]} 15.
Bxd5+ {[%clk 0:58:34]} Kh8 {[%clk 0:53:22]} 16. f4 {[%clk 0:58:20]} Qe7 {[%clk
0:48:40]} 17. Re1 {[%clk 0:53:48]} Ng6 {[%clk 0:35:50]} 18. b5 {[%clk 0:52:07]}
Ra2 {[%clk 0:26:56]} 19. Qd2 {[%clk 0:41:14]} Bf6 {[%clk 0:17:21]} 20. Nc3 {[%clk
0:38:40]} Ra8 {[%clk 0:17:26]} 21. Bg2 {[%clk 0:38:29]} Qg7 {[%clk 0:14:27]} 22.
Nd5 {[%clk 0:38:35]} Bd8 {[%clk 0:14:26]} 23. Ra1 {[%clk 0:36:04]} Rb8 {[%clk
0:14:07]} 1/2-1/2

[Event "50+ World Senior Team Championship"]
[Site "chess24.com"]
[Date "2017.04.24"]
[Round "1"]
[White "Bergstrom, Rolf"]
[Black "Kantsler, Boris"]
[Result "1/2-1/2"]
[Board "1"]
[WhiteElo "2248"]
[WhiteTitle "FM"]
[WhiteCountry "SWE"]
[WhiteFideId "1702386"]
[WhiteEloChange "5"]
[BlackElo "2436"]
[BlackTitle "GM"]
[BlackCountry "ISR"]
[BlackFideId "2805359"]
[BlackEloChange "-2"]

1. e4 {[%clk 1:30:53]} c5 {[%clk 1:30:50]} 2. Nf3 {[%clk 1:30:59]} e6 {[%clk
1:31:10]} 3. b3 {[%clk 1:29:44]} b6 {[%clk 1:30:55]} 4. Bd3 {[%clk 1:28:42]} Bb7
{[%clk 1:30:25]} 5. O-O {[%clk 1:29:00]} Nc6 {[%clk 1:30:39]} 6. Re1 {[%clk
1:28:41]} d6 {[%clk 1:30:24]} 7. c3 {[%clk 1:28:35]} Nf6 {[%clk 1:30:27]} 8. Bc2
{[%clk 1:28:43]} Be7 {[%clk 1:30:53]} 9. a3 {[%clk 1:28:40]} O-O {[%clk 1:29:55]}
10. d4 {[%clk 1:28:20]} d5 {[%clk 1:29:18]} 11. e5 {[%clk 1:23:23]} Ne4 {[%clk
1:29:25]} 12. Bb2 {[%clk 1:23:06]} f5 {[%clk 1:20:16]} 13. exf6 {[%clk 1:21:49]}
Bxf6 {[%clk 1:20:28]} 14. Nbd2 {[%clk 1:22:04]} Nxd2 {[%clk 0:57:32]} 15. Qxd2
{[%clk 1:21:44]} Qd6 {[%clk 0:57:09]} 16. Qe2 {[%clk 1:17:49]} Rae8 {[%clk
0:54:19]} 17. Ne5 {[%clk 1:17:35]} Bxe5 {[%clk 0:54:30]} 18. dxe5 {[%clk
1:17:58]} Qc7 {[%clk 0:54:57]} 1/2-1/2

[Event "50+ World Senior Team Championship"]
[Site "chess24.com"]
[Date "2017.04.25"]
[Round "2"]
[White "Arkell, Keith C"]
[Black "Druckenthaner, Andreas"]
[Result "1-0"]
[Board "3"]
[WhiteElo "2411"]
[WhiteTitle "GM"]
[WhiteCountry "ENG"]
[WhiteFideId "400270"]
[WhiteEloChange "3"]
[BlackElo "2258"]
[BlackTitle "FM"]
[BlackCountry "AUT"]
[BlackFideId "1600567"]
[BlackEloChange "-6"]

1. d4 {[%clk 1:30:30]} d5 {[%clk 1:30:30]} 2. Nf3 {[%clk 1:30:30]} Nf6 {[%clk
1:30:30]} 3. c4 {[%clk 1:30:30]} dxc4 {[%clk 1:30:30]} 4. Qa4+ {[%clk 1:30:30]}
Nbd7 {[%clk 1:24:06]} 5. e3 {[%clk 1:30:51]} e6 {[%clk 1:22:46]} 6. Bxc4 {[%clk
1:30:17]} Bd6 {[%clk 1:22:40]} 7. Nc3 {[%clk 1:29:23]} O-O {[%clk 1:22:58]} 8.
Be2 {[%clk 1:25:44]} c6 {[%clk 1:15:00]} 9. O-O {[%clk 1:24:30]} e5 {[%clk
1:12:01]} 10. Rd1 {[%clk 1:18:37]} Qe7 {[%clk 1:05:07]} 11. Qc2 {[%clk 1:17:36]}
Re8 {[%clk 1:02:45]} 12. b3 {[%clk 1:15:59]} e4 {[%clk 0:57:20]} 13. Nd2 {[%clk
1:15:56]} Nb6 {[%clk 0:57:41]} 14. h3 {[%clk 1:10:47]} Bf5 {[%clk 0:56:19]} 15.
Nc4 {[%clk 1:10:34]} Nxc4 {[%clk 0:53:35]} 16. bxc4 {[%clk 1:10:58]} Rad8 {[%clk
0:49:05]} 17. Bf1 {[%clk 1:04:46]} Bb8 {[%clk 0:46:46]} 18. f4 {[%clk 1:02:45]}
h5 {[%clk 0:45:58]} 19. Qf2 {[%clk 0:57:44]} Nh7 {[%clk 0:40:27]} 20. Ne2 {[%clk
0:45:16]} Be6 {[%clk 0:33:34]} 21. Ng3 {[%clk 0:33:21]} g6 {[%clk 0:33:16]} 22.
Bd2 {[%clk 0:26:12]} f5 {[%clk 0:32:52]} 23. Rdc1 {[%clk 0:25:17]} Rd7 {[%clk
0:28:01]} 24. Rc2 {[%clk 0:25:01]} Red8 {[%clk 0:25:38]} 25. a4 {[%clk 0:23:36]}
Nf6 {[%clk 0:25:17]} 26. Ne2 {[%clk 0:23:44]} Ne8 {[%clk 0:25:18]} 27. Nc1 {[%clk
0:21:42]} Kh7 {[%clk 0:21:10]} 28. a5 {[%clk 0:19:24]} Qf7 {[%clk 0:20:59]} 29.
Nb3 {[%clk 0:14:25]} Bd6 {[%clk 0:20:03]} 30. Ra4 {[%clk 0:09:28]} Rc7 {[%clk
0:15:57]} 31. Bb4 {[%clk 0:09:24]} b6 {[%clk 0:13:29]} 32. axb6 {[%clk 0:09:47]}
axb6 {[%clk 0:13:54]} 33. Bxd6 {[%clk 0:09:56]} Nxd6 {[%clk 0:13:51]} 34. Qh4
{[%clk 0:08:10]} Rb8 {[%clk 0:12:05]} 35. Nd2 {[%clk 0:07:01]} b5 {[%clk
0:10:01]} 36. cxb5 {[%clk 0:07:01]} cxb5 {[%clk 0:10:22]} 37. Rxc7 {[%clk
0:07:15]} Qxc7 {[%clk 0:10:40]} 38. Ra6 {[%clk 0:05:53]} Kg7 {[%clk 0:07:45]} 39.
Qe1 {[%clk 0:06:03]} Bd5 {[%clk 0:07:31]} 40. Qa1 {[%clk 0:35:09]} b4 {[%clk
0:36:58]} 41. Ra5 {[%clk 0:29:20]} Qc3 {[%clk 0:33:07]} 42. Qe1 {[%clk 0:29:17]}
Bf7 {[%clk 0:30:21]} 43. Rc5 {[%clk 0:27:19]} Qb2 {[%clk 0:30:22]} 44. Rc6 {[%clk
0:26:34]} Rc8 {[%clk 0:19:07]} 45. Rxd6 {[%clk 0:25:46]} Rc1 {[%clk 0:17:37]} 46.
Qh4 {[%clk 0:25:56]} Qxd2 {[%clk 0:17:18]} 47. Qf6+ {[%clk 0:25:56]} 1-0

[Event "50+ World Senior Team Championship"]
[Site "chess24.com"]
[Date "2017.04.25"]
[Round "2"]
[White "Kivimaki, Jaakko"]
[Black "Ionov, Sergey"]
[Result "1/2-1/2"]
[Board "3"]
[WhiteElo "2135"]
[WhiteCountry "FIN"]
[WhiteFideId "501921"]
[WhiteEloChange "8"]
[BlackElo "2535"]
[BlackTitle "GM"]
[BlackCountry "RUS"]
[BlackFideId "4100875"]
[BlackEloChange "-4"]

1. d4 {[%clk 1:30:55]} Nf6 {[%clk 1:30:28]} 2. Nf3 {[%clk 1:31:19]} e6 {[%clk
1:30:30]} 3. Bg5 {[%clk 1:31:36]} h6 {[%clk 1:29:49]} 4. Bh4 {[%clk 1:32:00]} d6
{[%clk 1:29:05]} 5. h3 {[%clk 1:32:03]} b6 {[%clk 1:25:05]} 6. e3 {[%clk
1:31:16]} Bb7 {[%clk 1:24:03]} 7. Nbd2 {[%clk 1:31:35]} Nbd7 {[%clk 1:20:24]} 8.
Bd3 {[%clk 1:29:12]} Be7 {[%clk 1:15:26]} 9. O-O {[%clk 1:27:34]} c5 {[%clk
1:10:23]} 10. c3 {[%clk 1:25:56]} O-O {[%clk 1:10:19]} 11. Bg3 {[%clk 1:24:36]}
d5 {[%clk 0:56:23]} 12. Ne5 {[%clk 1:18:09]} Ne4 {[%clk 0:49:34]} 13. Nxe4 {[%clk
1:13:15]} dxe4 {[%clk 0:49:51]} 14. Be2 {[%clk 1:08:25]} Nxe5 {[%clk 0:45:10]}
15. Bxe5 {[%clk 1:08:42]} Qc8 {[%clk 0:43:25]} 16. Qa4 {[%clk 1:02:24]} a6 {[%clk
0:39:47]} 17. dxc5 {[%clk 0:59:03]} Qxc5 {[%clk 0:33:43]} 18. Qd4 {[%clk
0:54:50]} f6 {[%clk 0:21:03]} 19. Qxc5 {[%clk 0:52:43]} bxc5 {[%clk 0:17:16]} 20.
Rad1 {[%clk 0:44:09]} Rfd8 {[%clk 0:14:04]} 21. Bc7 {[%clk 0:43:54]} Rxd1 {[%clk
0:14:24]} 22. Rxd1 {[%clk 0:44:17]} Bd5 {[%clk 0:14:14]} 23. c4 {[%clk 0:41:37]}
Bc6 {[%clk 0:14:40]} 24. Ba5 {[%clk 0:40:36]} Kf7 {[%clk 0:12:21]} 25. f3 {[%clk
0:39:12]} exf3 {[%clk 0:11:34]} 26. Bxf3 {[%clk 0:38:43]} Bxf3 {[%clk 0:11:24]}
27. gxf3 {[%clk 0:39:08]} Ra7 {[%clk 0:11:14]} 28. Kf2 {[%clk 0:38:50]} 1/2-1/2

[Event "50+ World Senior Team Championship"]
[Site "chess24.com"]
[Date "2017.04.25"]
[Round "2"]
[White "Solozhenkin, Evgeniy"]
[Black "Meskanen, Vesa"]
[Result "1-0"]
[Board "4"]
[WhiteElo "2443"]
[WhiteTitle "GM"]
[WhiteCountry "RUS"]
[WhiteFideId "4102266"]
[WhiteEloChange "1"]
[BlackElo "2052"]
[BlackCountry "FIN"]
[BlackFideId "503126"]
[BlackEloChange "-2"]

1. d4 {[%clk 1:30:49]} Nf6 {[%clk 1:30:38]} 2. c4 {[%clk 1:31:08]} g6 {[%clk
1:30:59]} 3. g3 {[%clk 1:31:28]} c6 {[%clk 1:29:13]} 4. Bg2 {[%clk 1:31:39]} d5
{[%clk 1:29:15]} 5. Qa4 {[%clk 1:31:41]} Nbd7 {[%clk 1:25:46]} 6. cxd5 {[%clk
1:12:59]} Nb6 {[%clk 1:24:01]} 7. Qa5 {[%clk 1:10:50]} cxd5 {[%clk 1:22:09]} 8.
Nc3 {[%clk 1:10:49]} Bg7 {[%clk 1:15:05]} 9. e3 {[%clk 1:03:21]} O-O {[%clk
1:14:25]} 10. Nge2 {[%clk 1:03:15]} Re8 {[%clk 1:07:54]} 11. O-O {[%clk 1:02:00]}
e6 {[%clk 1:03:10]} 12. b3 {[%clk 1:01:03]} Nbd7 {[%clk 0:58:48]} 13. Qxd8 {[%clk
0:59:51]} Rxd8 {[%clk 0:59:08]} 14. Ba3 {[%clk 0:59:39]} Nb8 {[%clk 0:49:42]} 15.
Rfc1 {[%clk 0:52:00]} Nc6 {[%clk 0:45:38]} 16. Na4 {[%clk 0:51:55]} Bf8 {[%clk
0:40:19]} 17. Bxf8 {[%clk 0:51:54]} Kxf8 {[%clk 0:40:38]} 18. Nf4 {[%clk
0:47:15]} Rb8 {[%clk 0:29:04]} 19. Nc5 {[%clk 0:45:14]} Na5 {[%clk 0:26:52]} 20.
Bf1 {[%clk 0:45:01]} Ne8 {[%clk 0:16:31]} 21. b4 {[%clk 0:31:46]} Nc6 {[%clk
0:15:14]} 22. a3 {[%clk 0:32:05]} Ne7 {[%clk 0:13:21]} 23. Rc2 {[%clk 0:25:58]}
Rd6 {[%clk 0:07:59]} 24. a4 {[%clk 0:24:59]} b6 {[%clk 0:07:35]} 25. Na6 {[%clk
0:24:31]} Rb7 {[%clk 0:06:25]} 26. Rac1 {[%clk 0:21:08]} Rd8 {[%clk 0:06:26]} 27.
Nd3 {[%clk 0:17:09]} f6 {[%clk 0:06:01]} 28. b5 {[%clk 0:16:46]} Rbd7 {[%clk
0:04:55]} 29. Ndb4 {[%clk 0:16:35]} Bxa6 {[%clk 0:05:08]} 30. bxa6 {[%clk
0:16:24]} Nd6 {[%clk 0:04:46]} 31. Bb5 {[%clk 0:11:53]} Nxb5 {[%clk 0:05:14]} 32.
axb5 {[%clk 0:12:18]} Nf5 {[%clk 0:03:11]} 33. Rc8 {[%clk 0:12:18]} Ke8 {[%clk
0:02:17]} 34. R1c7 {[%clk 0:07:01]} Rxc7 {[%clk 0:02:10]} 35. Rxc7 {[%clk
0:07:27]} Rd7 {[%clk 0:02:36]} 36. Rxd7 {[%clk 0:07:14]} Kxd7 {[%clk 0:03:04]}
37. Nc6 {[%clk 0:07:25]} Nd6 {[%clk 0:03:00]} 38. Nxa7 {[%clk 0:07:50]} Kc7
{[%clk 0:03:22]} 39. Kf1 {[%clk 0:05:52]} Kb8 {[%clk 0:03:14]} 40. Nc6+ {[%clk
0:36:17]} Kc7 {[%clk 0:33:38]} 41. Nd8 {[%clk 0:29:52]} Nxb5 {[%clk 0:32:02]} 42.
Nxe6+ {[%clk 0:30:05]} Kd6 {[%clk 0:26:17]} 43. Nf4 {[%clk 0:30:30]} Nc7 {[%clk
0:26:01]} 44. a7 {[%clk 0:30:49]} Kc6 {[%clk 0:26:30]} 45. Ne6 {[%clk 0:30:22]}
Na8 {[%clk 0:26:21]} 46. h4 {[%clk 0:25:17]} b5 {[%clk 0:16:58]} 47. Ke2 {[%clk
0:24:07]} Nb6 {[%clk 0:15:23]} 48. Nc5 {[%clk 0:20:05]} Na8 {[%clk 0:14:17]} 49.
Kd3 {[%clk 0:19:34]} Kb6 {[%clk 0:13:07]} 50. Nd7+ {[%clk 0:19:46]} Kxa7 {[%clk
0:13:26]} 51. Nxf6 {[%clk 0:20:06]} Nc7 {[%clk 0:12:31]} 52. Nxh7 {[%clk
0:18:32]} 1-0

[Event "50+ World Senior Team Championship"]
[Site "chess24.com"]
[Date "2017.04.25"]
[Round "2"]
[White "Huzman, Alexander"]
[Black "Strutinskaia, Galina"]
[Result "1-0"]
[Board "1"]
[WhiteElo "2550"]
[WhiteTitle "GM"]
[WhiteCountry "ISR"]
[WhiteFideId "2803828"]
[WhiteEloChange "2"]
[BlackElo "2293"]
[BlackTitle "WGM"]
[BlackCountry "RUS"]
[BlackFideId "4108558"]
[BlackEloChange "-4"]

1. d4 {[%clk 1:30:55]} d5 {[%clk 1:30:54]} 2. c4 {[%clk 1:30:48]} e6 {[%clk
1:31:17]} 3. Nf3 {[%clk 1:30:39]} c6 {[%clk 1:31:39]} 4. Qc2 {[%clk 1:30:19]}
dxc4 {[%clk 1:31:33]} 5. Qxc4 {[%clk 1:30:04]} b5 {[%clk 1:31:52]} 6. Qc2 {[%clk
1:29:09]} Bb7 {[%clk 1:31:35]} 7. e4 {[%clk 1:23:46]} Nf6 {[%clk 1:27:51]} 8. Bd3
{[%clk 1:23:09]} Be7 {[%clk 1:22:54]} 9. Nc3 {[%clk 1:16:52]} h6 {[%clk 1:19:16]}
10. e5 {[%clk 1:11:31]} Nd5 {[%clk 1:19:34]} 11. Nxd5 {[%clk 1:11:45]} Qxd5
{[%clk 1:19:46]} 12. O-O {[%clk 1:11:48]} Na6 {[%clk 1:13:23]} 13. a3 {[%clk
1:10:50]} Nc7 {[%clk 1:13:33]} 14. Be4 {[%clk 1:10:04]} Qd7 {[%clk 1:13:47]} 15.
Bd2 {[%clk 1:10:27]} Nd5 {[%clk 1:13:36]} 16. b4 {[%clk 1:00:21]} Nb6 {[%clk
1:09:59]} 17. Bc3 {[%clk 0:57:46]} O-O {[%clk 1:03:02]} 18. Nd2 {[%clk 0:56:55]}
Rfd8 {[%clk 0:53:26]} 19. Rfd1 {[%clk 0:49:09]} Rac8 {[%clk 0:46:33]} 20. Nb3
{[%clk 0:44:42]} Rc7 {[%clk 0:44:43]} 21. Qe2 {[%clk 0:41:23]} Qe8 {[%clk
0:41:17]} 22. g3 {[%clk 0:37:51]} Bc8 {[%clk 0:39:52]} 23. Na5 {[%clk 0:36:21]}
Bf8 {[%clk 0:35:02]} 24. Qf3 {[%clk 0:34:33]} Nd5 {[%clk 0:32:10]} 25. Rac1
{[%clk 0:34:27]} Bd7 {[%clk 0:29:32]} 26. Bd2 {[%clk 0:33:29]} Rdc8 {[%clk
0:29:51]} 27. h4 {[%clk 0:33:32]} Qe7 {[%clk 0:29:18]} 28. Nb3 {[%clk 0:30:10]}
Be8 {[%clk 0:25:41]} 29. Re1 {[%clk 0:29:54]} Rd8 {[%clk 0:21:56]} 30. Bb1 {[%clk
0:28:57]} Nb6 {[%clk 0:17:55]} 31. Qe4 {[%clk 0:23:32]} g6 {[%clk 0:17:26]} 32.
Na5 {[%clk 0:23:41]} Qd7 {[%clk 0:16:44]} 33. Be3 {[%clk 0:23:43]} Nd5 {[%clk
0:16:35]} 34. Red1 {[%clk 0:23:48]} Bg7 {[%clk 0:16:20]} 35. Nb3 {[%clk 0:19:44]}
Qc8 {[%clk 0:13:15]} 36. Nc5 {[%clk 0:18:34]} Bf8 {[%clk 0:12:50]} 37. Bd2 {[%clk
0:16:26]} Ne7 {[%clk 0:12:50]} 38. g4 {[%clk 0:14:05]} Nd5 {[%clk 0:10:39]} 39.
Qf3 {[%clk 0:13:49]} Bg7 {[%clk 0:09:00]} 40. Ne4 {[%clk 0:42:31]} Bf8 {[%clk
0:37:12]} 41. Ba2 {[%clk 0:34:31]} Bg7 {[%clk 0:35:48]} 42. Rc5 {[%clk 0:29:52]}
Qd7 {[%clk 0:35:48]} 43. Rdc1 {[%clk 0:24:52]} Qe7 {[%clk 0:35:09]} 44. Qg3
{[%clk 0:24:01]} Kh7 {[%clk 0:34:00]} 45. Nd6 {[%clk 0:19:08]} a6 {[%clk
0:32:59]} 46. R5c2 {[%clk 0:16:57]} Bd7 {[%clk 0:32:39]} 47. Ne4 {[%clk 0:16:25]}
Ra7 {[%clk 0:32:42]} 48. Bb1 {[%clk 0:16:08]} Kh8 {[%clk 0:31:27]} 49. Kh2 {[%clk
0:15:24]} Rg8 {[%clk 0:31:40]} 50. Rg1 {[%clk 0:14:22]} Raa8 {[%clk 0:31:45]} 51.
Rcc1 {[%clk 0:14:32]} Ra7 {[%clk 0:28:34]} 52. h5 {[%clk 0:12:56]} Raa8 {[%clk
0:28:00]} 53. g5 {[%clk 0:12:28]} Bf8 {[%clk 0:21:18]} 54. Nf6 {[%clk 0:11:07]}
Nxf6 {[%clk 0:21:20]} 55. gxf6 {[%clk 0:11:30]} Qd8 {[%clk 0:21:35]} 56. hxg6
{[%clk 0:11:23]} fxg6 {[%clk 0:21:59]} 57. Qh4 {[%clk 0:11:35]} Kh7 {[%clk
0:21:52]} 58. Rc3 {[%clk 0:11:49]} Be8 {[%clk 0:21:56]} 59. Bxh6 {[%clk 0:11:55]}
Rh8 {[%clk 0:21:57]} 60. Bg7+ {[%clk 0:11:58]} 1-0

[Event "50+ World Senior Team Championship"]
[Site "chess24.com"]
[Date "2017.04.25"]
[Round "2"]
[White "Sazonova, Elena N."]
[Black "Zilberman, Yaacov"]
[Result "1/2-1/2"]
[Board "4"]
[WhiteElo "2119"]
[WhiteTitle "WIM"]
[WhiteCountry "RUS"]
[WhiteFideId "4109767"]
[WhiteEloChange "7"]
[BlackElo "2430"]
[BlackTitle "GM"]
[BlackCountry "ISR"]
[BlackFideId "2801612"]
[BlackEloChange "-4"]

1. e4 {[%clk 1:30:57]} c5 {[%clk 1:30:30]} 2. Nf3 {[%clk 1:31:19]} Nc6 {[%clk
1:30:48]} 3. d4 {[%clk 1:31:41]} cxd4 {[%clk 1:31:13]} 4. Nxd4 {[%clk 1:32:06]}
g6 {[%clk 1:31:37]} 5. c4 {[%clk 1:32:15]} Nf6 {[%clk 1:31:10]} 6. Nc3 {[%clk
1:32:29]} d6 {[%clk 1:31:33]} 7. Be2 {[%clk 1:32:22]} Nxd4 {[%clk 1:31:43]} 8.
Qxd4 {[%clk 1:32:25]} Bg7 {[%clk 1:32:02]} 9. Be3 {[%clk 1:29:37]} O-O {[%clk
1:31:47]} 10. Qd3 {[%clk 1:24:17]} Be6 {[%clk 1:26:27]} 11. O-O {[%clk 1:16:33]}
Nd7 {[%clk 1:22:46]} 12. Qd2 {[%clk 1:04:49]} Rc8 {[%clk 1:12:14]} 13. Nd5 {[%clk
1:02:59]} Nc5 {[%clk 1:08:17]} 14. f3 {[%clk 1:00:08]} a5 {[%clk 1:07:36]} 15.
Rac1 {[%clk 0:59:14]} f5 {[%clk 0:52:25]} 16. exf5 {[%clk 0:46:36]} Rxf5 {[%clk
0:47:50]} 17. Nc3 {[%clk 0:35:05]} Rf7 {[%clk 0:41:04]} 18. b3 {[%clk 0:31:24]}
Rf8 {[%clk 0:34:56]} 1/2-1/2

[Event "50+ World Senior Team Championship"]
[Site "chess24.com"]
[Date "2017.04.25"]
[Round "2"]
[White "Minasian, Artashes"]
[Black "Jakel, Wolfgang"]
[Result "1-0"]
[Board "2"]
[WhiteElo "2480"]
[WhiteTitle "GM"]
[WhiteCountry "ARM"]
[WhiteFideId "13300040"]
[WhiteEloChange "2"]
[BlackElo "2218"]
[BlackCountry "GER"]
[BlackFideId "4625676"]
[BlackEloChange "-4"]

1. g3 {[%clk 1:30:30]} d5 {[%clk 1:30:30]} 2. Bg2 {[%clk 1:30:30]} c5 {[%clk
1:30:30]} 3. c4 {[%clk 1:30:30]} d4 {[%clk 1:30:30]} 4. Nf3 {[%clk 1:30:30]} Nc6
{[%clk 1:30:30]} 5. O-O {[%clk 1:30:30]} e5 {[%clk 1:30:30]} 6. d3 {[%clk
1:30:30]} Nf6 {[%clk 1:30:30]} 7. e3 {[%clk 1:30:30]} Be7 {[%clk 1:30:30]} 8.
exd4 {[%clk 1:30:30]} exd4 {[%clk 1:30:30]} 9. Bf4 {[%clk 1:30:30]} O-O {[%clk
1:30:30]} 10. Ne5 {[%clk 1:30:30]} Nxe5 {[%clk 1:30:30]} 11. Bxe5 {[%clk
1:30:30]} Bd6 {[%clk 1:30:30]} 12. Bxf6 {[%clk 1:30:30]} Qxf6 {[%clk 1:30:30]}
13. Nd2 {[%clk 1:30:30]} Re8 {[%clk 1:30:30]} 14. Ne4 {[%clk 1:30:30]} Qd8 {[%clk
1:30:30]} 15. Re1 {[%clk 1:30:30]} Be6 {[%clk 1:30:30]} 16. h4 {[%clk 1:30:30]}
Be7 {[%clk 1:30:30]} 17. Qh5 {[%clk 1:30:30]} Rc8 {[%clk 1:30:30]} 18. Re2 {[%clk
1:30:30]} h6 {[%clk 1:30:30]} 19. Rae1 {[%clk 1:30:30]} Qd7 {[%clk 1:30:30]} 20.
Bf3 {[%clk 1:30:30]} Bf5 {[%clk 1:30:30]} 21. Nf6+ {[%clk 1:30:30]} Bxf6 {[%clk
1:30:30]} 22. Rxe8+ {[%clk 1:30:30]} Rxe8 {[%clk 1:30:30]} 23. Rxe8+ {[%clk
1:30:30]} Qxe8 {[%clk 1:30:30]} 24. Qxf5 {[%clk 1:30:30]} b6 {[%clk 1:30:30]} 25.
Be4 {[%clk 1:30:30]} Kf8 {[%clk 1:30:30]} 26. Qd5 {[%clk 1:30:30]} g6 {[%clk
1:30:30]} 27. a3 {[%clk 1:30:30]} Qe7 {[%clk 1:30:30]} 28. h5 {[%clk 1:30:30]}
gxh5 {[%clk 1:30:30]} 29. Qxh5 {[%clk 1:30:30]} Bg7 {[%clk 1:30:30]} 30. Bd5
{[%clk 1:30:30]} Qf6 {[%clk 1:30:30]} 31. b4 {[%clk 1:30:30]} Qg6 {[%clk
1:30:30]} 32. Qf3 {[%clk 1:30:30]} cxb4 {[%clk 1:30:30]} 33. axb4 {[%clk
1:30:30]} Be5 {[%clk 1:30:30]} 34. c5 {[%clk 1:30:30]} bxc5 {[%clk 1:30:30]} 35.
bxc5 {[%clk 1:30:30]} a5 {[%clk 1:30:30]} 36. Bc4 {[%clk 1:30:30]} Kg7 {[%clk
1:30:30]} 37. Qd5 {[%clk 1:30:30]} Qf6 {[%clk 1:30:30]} 38. c6 {[%clk 1:30:30]}
Qe7 {[%clk 1:30:30]} 39. Qxa5 {[%clk 1:30:30]} Bc7 {[%clk 1:30:30]} 40. Qd5
{[%clk 1:30:30]} Bb6 {[%clk 1:30:30]} 41. Kg2 {[%clk 1:30:30]} Kg6 {[%clk
1:30:30]} 42. Bb3 {[%clk 1:30:30]} Kg7 {[%clk 1:30:30]} 43. Qf3 {[%clk 1:30:30]}
Kg6 {[%clk 1:30:30]} 44. Qg4+ {[%clk 1:30:30]} Kh7 {[%clk 1:30:30]} 45. Bd5
{[%clk 1:30:30]} Kh8 {[%clk 1:30:30]} 46. Be4 {[%clk 1:30:30]} Qe5 {[%clk
1:30:30]} 47. Qd7 {[%clk 1:30:30]} Kg7 {[%clk 1:30:30]} 48. Bd5 {[%clk 1:30:30]}
Qc7 {[%clk 1:30:30]} 49. Qe8 {[%clk 1:30:30]} Qa7 {[%clk 1:30:30]} 50. Qe5+
{[%clk 1:30:30]} Kg8 {[%clk 1:30:30]} 51. Qf6 {[%clk 1:30:30]} 1-0